History Quiz

Random History or Politics Quiz

US Vice Presidential Debate Slideshow Quiz Stats

Quiz Updated Jan 20, 2017

Also try: VP to President
Challenge
Share
Tweet
Score 0/72 Timer 10:00
0 Plays Today
% Correct
Al Gore
95.3%
Bill Clinton
94.2%
1996
93.7%
Al Gore
93.7%
George W. Bush
92.2%
Al Gore
92.1%
Barack Obama
91%
Sarah Palin
91%
2000
90.8%
2008
90.7%
Dick Cheney
90.5%
Dick Cheney
90.2%
George H.W. Bush
90.1%
Joe Biden
89.9%
Joe Biden
89.8%
Sarah Palin
89.8%
Ronald Reagan
89.3%
John McCain
89.1%
George H.W. Bush
89%
1984
88.6%
Al Gore
88.1%
George H.W. Bush
88.1%
1988
88%
1992
86.3%
Al Gore
85.9%
Bill Clinton
85.6%
George H.W. Bush
85.5%
Al Gore
85%
Bob Dole
84%
Dan Quayle
83.4%
Dan Quayle
82.9%
2012
82.4%
Joe Biden
81.8%
Barack Obama
81.8%
Dan Quayle
81.3%
Joe Biden
80.3%
% Correct
Joe Biden
80.1%
1976
79.3%
Ross Perot
78.6%
2004
78.2%
Mitt Romney
78.2%
Walter Mondale
78.1%
Dick Cheney
77.7%
Jimmy Carter
77.6%
George W. Bush
77.5%
Joe Lieberman
77.4%
Joe Lieberman
76.9%
Paul Ryan
76.7%
Michael Dukakis
75.6%
Geraldine Ferraro
74.9%
Dick Cheney
74.6%
Dick Cheney
74.3%
Geraldine Ferraro
74.1%
John Kerry
72.8%
Gerald Ford
72.4%
2016
69.6%
Mike Pence
67.9%
Bob Dole
67.5%
Donald Trump
67.2%
John Edwards
66.7%
Hillary Clinton
66.3%
Jack Kemp
66.2%
Bob Dole
64.8%
Mike Pence
64.8%
Walter Mondale
63.3%
Mike Pence
63.1%
Walter Mondale
62.3%
Tim Kaine
56.6%
Lloyd Bentsen
54.8%
Lloyd Bentsen
54.2%
James Stockdale
41.5%
James Stockdale
41.3%

You're not logged in!

Compare scores with friends on all Sporcle quizzes.
Sign Up with Email
OR
Log In

You Might Also Like...

Show Comments

Extras

Top Quizzes Today


Score Distribution

Your Account Isn't Verified!

In order to create a playlist on Sporcle, you need to verify the email address you used during registration. Go to your Sporcle Settings to finish the process.